Lament On The Death Of A Master Of Arts (Record no. 113084)

MARC details
000 -LEADER
fixed length control field 00309pam a2200133 a 4500
020 ## - INTERNATIONAL STANDARD BOOK NUMBER
Terms of availability
041 ## - LANGUAGE CODE
Language code of original
082 ## - DEWEY DECIMAL CLASSIFICATION NUMBER
Classification number 658
Item number ANA
100 ## - MAIN ENTRY--PERSONAL NAME
Personal name Anand, Mulkraj
245 ## - TITLE STATEMENT
Title Lament On The Death Of A Master Of Arts
Medium Textual Documents
260 ## - PUBLICATION, DISTRIBUTION, ETC.
Place of publication, distribution, etc. Pune
Name of publisher, distributor, etc. Hind Pocket Books
Date of publication, distribution, etc. 1967
300 ## - PHYSICAL DESCRIPTION
Extent 120
930 ## - EQUIVALENCE OR CROSS-REFERENCE-UNIFORM TITLE HEADING [LOCAL, CANADA]
Uniform title 6256
Holdings
Withdrawn status Lost status Damaged status Not for loan Collection Home library Current library Shelving location Date acquired Total Checkouts Full call number Barcode Date last seen Copy number Price effective from Koha item type
          Abhijit Kadam Institute of Management & Social Science, Solapur Abhijit Kadam Institute of Management & Social Science, Solapur   10/10/1950   658 ANA AKS-X-00385 01/03/2023 1 01/03/2023 Book